LEADER 00903cam0 2200253 450 001 E600200056043 005 20161212123525.0 100 $a20091110d1962 |||||ita|0103 ba 101 $aita 102 $aIT 200 1 $aAggiornamenti sulla questione meridionale$fMargherita Barnabei 210 $aRoma$cOpere Nuove$d1962 215 $a139 p.$d19 cm 300 $a(bb) 700 1$aBarnabei$b, Margherita$3A600200057769$4070$0125266 801 0$aIT$bUNISOB$c20161212$gRICA 850 $aUNISOB 852 $aUNISOB$jFondo|Craveri$m147488 912 $aE600200056043 940 $aM 102 Monografia moderna SBN 941 $aM 957 $aFondo|Craveri$b000079$gSi$d147488$hCraveri$rdono$1beth$2UNISOB$3UNISOB$420091110104024.0$520161212123525.0$6catenacci$fModalità di consultazione vedi home page Biblioteca link Fondi 996 $aAggiornamenti sulla questione meridionale$9614075 997 $aUNISOB